00589cam a22002057a 4500003000500000005001700005008004100022010001000063011001000073035001000083040000900093082001200102100003000114245009100144260004500235300001100280650002100291650004600312700002500358CHAP20220329141234.0971010s1971 mx r 00010 spa d a64947 a65919 a73492 cCHAP04a972bP600aPozas Arciniega, Ricardo.14aLos indios en las clases sociales de Méxicoc/por Ricardo Pozas e Isabel H. de Pozas aMéxico, D.F. :bSiglo veintiuno,c1971 a181 p.14aClases sociales.14aIndios de MéxicoxCondiciones sociales.0 aPozas, Isabel H. de.